000 01394nam a22003857a 4500
003 CHAP
005 20220329141108.0
008 971013s1994 r 00010 d
010 _a62519
011 _a63491
035 _a67667
040 _cCHAP
090 _aTesis
100 0 0 _aMartínez Nieto, Sergio.
_972341
245 _aEvaluación biológica de dietas con niveles variables de energía metabolizable y proteína cruda para pollo de engorda
260 _aChapingo, Méx. :
_bEl autor,
_c1994
300 _a40 h.
502 _aTesis (Ing. Agr. Esp. en Zootecnia) -- UACH. Departamento de Zootecnia
590 _aALEPH
_b10
_c20130110
_lUCH01
_h1345
590 _aBATCH-UPD
_b10
_c20130110
_lUCH01
_h0002
590 _aBATCH-UPD
_b10
_c20130110
_lUCH01
_h0306
590 _aBATCH-UPD
_b10
_c20130110
_lUCH01
_h1706
590 _aBATCH-UPD
_b10
_c20130409
_lUCH01
_h1937
590 _aBATCH-UPD
_b10
_c20130410
_lUCH01
_h0316
590 _aBATCH-UPD
_b10
_c20130914
_lUCH01
_h0447
590 _aCONVERSION
_b10
_c20130109
_lUCH01
_h1334
650 1 4 _aAves de corral
_xEngorda.
_98647
650 1 4 _aAves de corral
_xPeso.
_98674
650 1 4 _aEnergía metabólica.
_936906
650 1 4 _aProteínas en nutrición de aves de corral.
_992455
901 _aBK
942 _cFOLL
949 _bBC
_cTES
_d-153041
_eTS1
_h31190
_i67667
_si
949 _bBC
_cTES
_d33724000635397
_eTS2
_fc.2
_h31191
_i67667
_si
999 _c62519
_d62519